| Tag |
First Indicator |
Second Indicator |
Subfields |
| LEADER |
00000cam a2200000 a 4500 |
| 001 |
in00000017843 |
| 005 |
20151007053057.0 |
| 008 |
870825s1987 ohua b s00000 eng |
| 010 |
|
|
|a 87024701
|
| 020 |
|
|
|a 0821408755 :
|c $32.95
|
| 035 |
|
|
|a (OCoLC)16682196
|
| 035 |
|
|
|9 AAB0321AM
|
| 040 |
|
|
|a DLC
|c DLC
|d TXA
|d UtOrBLW
|
| 043 |
|
|
|a n-usc--
|
| 049 |
|
|
|a TXAM
|c [A11467424]
|
| 050 |
0 |
0 |
|a F479.5
|b .E87 1987
|
| 082 |
0 |
|
|a 977
|2 19
|
| 245 |
0 |
0 |
|a Essays on the economy of the old Northwest /
|c edited by David C. Klingaman and Richard K. Vedder.
|
| 264 |
|
1 |
|a Athens :
|b Ohio University Press,
|c [1987]
|
| 264 |
|
4 |
|c ©1987
|
| 300 |
|
|
|a xii, 318 pages :
|b illustrations ;
|c 24 cm.
|
| 336 |
|
|
|a text
|b txt
|2 rdacontent
|
| 337 |
|
|
|a unmediated
|b n
|2 rdamedia
|
| 338 |
|
|
|a volume
|b nc
|2 rdacarrier
|
| 504 |
|
|
|a Includes bibliographies.
|
| 651 |
|
0 |
|a Northwest, Old
|x History.
|
| 651 |
|
0 |
|a Northwest, Old
|x Economic conditions.
|
| 700 |
1 |
|
|a Klingaman, David C.
|
| 700 |
1 |
|
|a Vedder, Richard K.
|
| 999 |
|
|
|a MARS
|
| 999 |
f |
f |
|s d73b0642-261e-3585-b45f-61e84243132a
|i c3659a59-4239-320b-be2d-a2aaaca7c79c
|t 0
|
| 952 |
f |
f |
|p ric
|a Texas A&M University
|b Rellis Campus
|c Joint Library Facility
|d Remote Storage
|t 0
|e F479.5 .E87 1987
|h Library of Congress classification
|i unmediated -- volume
|m A14811467424
|
| 998 |
f |
f |
|a F479.5 .E87 1987
|t 0
|l Remote Storage
|